Catholic University of Zimbabwe Library
Online Public Access Catalogue
(OPAC)

Ambitious men : (Record no. 48)

MARC details
000 -LEADER
fixed length control field 00913cam a2200301 a 4500
001 - CONTROL NUMBER
control field 0000000066
005 - DATE AND TIME OF LATEST TRANSACTION
control field 20170406112334.0
008 - FIXED-LENGTH DATA ELEMENTS--GENERAL INFORMATION
fixed length control field 860703s1987 nyu 001 0 eng
010 ## - LIBRARY OF CONGRESS CONTROL NUMBER
LC control number 86040274
020 ## - INTERNATIONAL STANDARD BOOK NUMBER
International Standard Book Number 0670810614
035 ## - SYSTEM CONTROL NUMBER
System control number 1462981
035 ## - SYSTEM CONTROL NUMBER
-- (DLC) 86040274
040 ## - CATALOGING SOURCE
Original cataloging agency DLC
Transcribing agency DLC
Modifying agency DLC
043 ## - GEOGRAPHIC AREA CODE
Geographic area code n-us---
050 00 - LIBRARY OF CONGRESS CALL NUMBER
Classification number HD38.25.U6
Item number B55 1987
082 00 - DEWEY DECIMAL CLASSIFICATION NUMBER
Classification number 658.4/09/019
Edition number 19
100 1# - MAIN ENTRY--PERSONAL NAME
Personal name Blotnick, Srully.
245 10 - TITLE STATEMENT
Title Ambitious men :
Remainder of title their drives, dreams, and delusions /
Statement of responsibility, etc. Srully Blotnick.
260 ## - PUBLICATION, DISTRIBUTION, ETC.
Place of publication, distribution, etc. New York, N.Y., U.S.A. :
Name of publisher, distributor, etc. Viking,
Date of publication, distribution, etc. 1987.
300 ## - PHYSICAL DESCRIPTION
Extent 338 p. ;
Dimensions 24 cm.
500 ## - GENERAL NOTE
General note Includes index.
650 #0 - SUBJECT ADDED ENTRY--TOPICAL TERM
Topical term or geographic name entry element Executives
Geographic subdivision United States
General subdivision Psychology.
650 #0 - SUBJECT ADDED ENTRY--TOPICAL TERM
Topical term or geographic name entry element Businesspeople
Geographic subdivision United States
General subdivision Psychology.
650 #0 - SUBJECT ADDED ENTRY--TOPICAL TERM
Topical term or geographic name entry element Success in business.
650 #0 - SUBJECT ADDED ENTRY--TOPICAL TERM
Topical term or geographic name entry element Ambition.
906 ## - LOCAL DATA ELEMENT F, LDF (RLIN)
a 7
b cbc
c orignew
d 1
e ocip
f 19
g y-gencatlg
908 ## - PUT COMMAND PARAMETER (RLIN)
Put command parameter 121212
Holdings
Withdrawn status Lost status Source of classification or shelving scheme Damaged status Not for loan Home library Current library Shelving location Date acquired Total Checkouts Full call number Barcode Date last seen Date last checked out Price effective from Koha item type
          CUZ Harare Campus CUZ Harare Campus Open Shelf 06.04.2017 1 BL.38.25.U6 BLO BK0000031 22.05.2025 15.03.2023 06.04.2017 OS Book

OPENING HOURS

Weekdays: 0815hrs - 1800hrs
Weekends:0900hrs - 1200hrs

Closed for Mass:

Mon, Thur: 1200hrs - 1300hrs
Sunday & Public Holiday’s

CALL SUPPORT

0242-570570, 0242-570169
09200664, +263 8644140602

LOCATION

18443, Cranborne Avenue, Hatfield, Harare

Other Links


©2021 | CUZ Library